000
00284nam a22001097a 4500
008
170110b xxu||||| |||| 00| 0 eng d
020
_a
9780805378627
041
_a
eng
080
_2
3RD
_a
618.2
245
_a
EFFECTIVE MANAGEMENT IN NURSING
_c
SULLIVAN, E.J & DECKER, P.J
942
_2
udc
_c
BK
999
_c
2667
_d
2667